00736nam a22002177a 4500003000400000005001700004008004100021020001500062040000900077100003400086245010500120260002300225300001100248490002600259600004600285610002000331650004500351942001300396999001500409952009400424OSt20131111162947.0130531s1997 sp ||||| |||| 00| 0 spa d a8482189883 cCDMR1 93618aMiró, Santiagod1943-10aZeta, el imperio del zorrob: los escándalos internos de un grupo escandalosocpor Santiago Miró aMadridbVosac1997 a403 p.0 aDocumentos - Sociedad1 93619aAsensio Pizarro, Antoniod1947-20012 9143aGrupo Zeta0494120aEmpreses periodístiqueszEspanya 2udccMON c6372d6372 00104070aCDMRbCDMRd2013-01-16l0oCm 1/15pCDMR13056581r2013-05-31w2013-05-31yMON